000 00909nam a2200253 i 4500
001 188201
003 SpMaBN
005 20250804030236.0
008 180619s1974 sp |||| | spa d
020 _a84-253-0311-7
080 _a94(460)"1700/14"
100 1 _aKamen, Henry.
_967471
245 1 3 _aLa guerra de Sucesión en España 1700-1715 /
_cHenry Kamen ; [traducido por Enrique de Obregón].
250 _a1ª ed.
260 _aBarcelona :
_bGrijalbo,
_c1974.
300 _a458 p. ;
_c20 cm.
490 1 _aDimensiones hispánicas ;
_v5
500 _aÍndice onomástico.
650 7 _aGuerra de Sucesión española, 1700-1714
_2embne
_9140912
700 1 _aObregón, Enrique de.
_986425
830 0 _aDimensiones hispánicas ;
_v5
_9181544
852 _aES-MaACL
_jL-32057
_z- Enc. cart.
_z. - Donat. herederos de la bibl. de Mª del Pilar Costa Palacín
999 _c188201
_d188201